| 000 | 005070000a22001810004500 | ||
|---|---|---|---|
| 003 | MACL | ||
| 005 | 20160303160046.0 | ||
| 008 | 160303b xxu||||| |||| 00| 0 eng d | ||
| 040 |
_aMACL _cMACL |
||
| 041 | _aHindi | ||
| 082 | _a891.431 | ||
| 100 |
_aसिंह पंकज _942500 |
||
| 245 | _aआहटें आसपास | ||
| 260 |
_bसंभावना प्रकाशन _c1981 _aनई दिल्ली |
||
| 350 | _a25 | ||
| 650 |
_aPoetry _942501 |
||
| 942 |
_cHIN _k891.431 _2ddc |
||
| 999 |
_c28177 _d28177 |
||